[Event "Club 608 Online 1 - Open A (-2200)"]
[Date "2021.04.10"]
[Round "3.4"]
[White "Raux, Samuel"]
[Black "Sabapathee, Florian"]
[Result "1/2-1/2"]
[BlackCountry "FRA"]
[BlackElo "1477"]
[BlackFideId "45195951"]
[WhiteElo "1761"]

{Clock started by Black. White stopped clock for 294 seconds. Arbiter adjusted W@0:50:00.0 and B@0:50:00.0. White stopped clock for 138 seconds.} 1. d4 {[%clk 0:50:07.3]} Nf6 {[%clk 0:50:05.6]} 2. c4 {[%clk 0:50:14.6]} g6 {[%clk 0:50:10.2]} 3. Nc3 {[%clk 0:50:21.9]} d5 {[%clk 0:50:17.3]} 4. cxd5 {[%clk 0:50:27.4]} Nxd5 {[%clk 0:50:25.5]} 5. e4 {[%clk 0:50:35.7]} Nxc3 {[%clk 0:50:33.3]} 6. bxc3 {[%clk 0:50:44.2]} Bg7 {[%clk 0:50:41.8]} 7. Bc4 {[%clk 0:50:51.9]} c5 {[%clk 0:50:49.5]} 8. Ne2 {[%clk 0:50:14.7]} 0-0 {[%clk 0:50:53.3]} 9. h4 {[%clk 0:50:15.2]} h5 {[%clk 0:50:27.8]} 10. 0-0 {[%clk 0:48:24.6]} Nc6 {[%clk 0:50:25.6]} 11. Be3 {[%clk 0:48:22.3]} e5 {[%clk 0:49:33.3]} 12. d5 {[%clk 0:41:16.8]} Na5 {[%clk 0:49:36.8]} 13. Qa4 {[%clk 0:39:58.4]} a6 {[%clk 0:48:18.4]} 14. Bd3 {[%clk 0:35:37.4]} b5 {[%clk 0:47:39.5]} 15. Qa3 {[%clk 0:35:26.4]} c4 {[%clk 0:47:22.8]} 16. Bc2 {[%clk 0:35:17.0]} Nb7 {[%clk 0:47:24.1]} 17. g3 {[%clk 0:30:42.6]} Qf6 {[%clk 0:46:04.7]} 18. Kg2 {[%clk 0:30:24.9]} Qd8 {[%clk 0:43:17.8]} 19. Bg5 {[%clk 0:23:27.2]} Qd7 {[%clk 0:42:47.5]} 20. Ng1 {[%clk 0:23:03.5]} f5 {[%clk 0:42:47.3]} 21. Qe7 {[%clk 0:21:47.2]} fxe4 {[%clk 0:42:19.8]} 22. Bxe4 {[%clk 0:18:02.4]} Kh7 {[%clk 0:41:47.8]} 23. d6 {[%clk 0:13:25.7]} Rb8 {[%clk 0:40:02.0]} 24. Qxd7 {[%clk 0:08:20.0]} Bxd7 {[%clk 0:40:01.8]} 25. Be7 {[%clk 0:06:36.4]} Rf7 {[%clk 0:38:56.4]} 26. Bd5 {[%clk 0:05:59.6]} Rf5 {[%clk 0:38:43.8]} 27. Nf3 {[%clk 0:05:38.8]} Nc5 {[%clk 0:37:57.6]} 28. Ng5+ {[%clk 0:05:44.8]} Kh8 {[%clk 0:36:28.6]} 29. Bf7 {[%clk 0:05:02.7]} Be8 {[%clk 0:36:13.2]} 30. Ne6 {[%clk 0:03:08.1]} Rxf7 {[%clk 0:33:18.9]} 31. Nxc5 {[%clk 0:03:13.6]} Bc6+ {[%clk 0:33:24.3]} 32. Kg1 {[%clk 0:03:09.8]} Bf8 {[%clk 0:33:11.4]} 33. Bxf8 {[%clk 0:03:00.5]} Rbxf8 {[%clk 0:33:09.3]} 34. Rad1 {[%clk 0:02:07.2]} Rd8 {[%clk 0:32:59.9]} 35. Rfe1 {[%clk 0:01:30.5]} e4 {[%clk 0:32:22.7]} 36. Ne6 {[%clk 0:01:26.8]} Rdd7 {[%clk 0:32:19.9]} 37. Ng5 {[%clk 0:01:29.7]} Rf6 {[%clk 0:32:22.2]} 38. Nxe4 {[%clk 0:00:57.3]} Bxe4 {[%clk 0:32:28.1]} 39. Rxe4 {[%clk 0:01:04.5]} Rfxd6 {[%clk 0:32:35.3]} 40. Rxd6 {[%clk 0:00:51.3]} Rxd6 {[%clk 0:32:42.6]} 41. a4 {[%clk 0:00:52.2]} Kg7 {[%clk 0:32:05.5]} 42. axb5 {[%clk 0:00:57.4]} axb5 {[%clk 0:32:13.3]} 43. Re5 {[%clk 0:01:02.0]} b4 {[%clk 0:30:30.9]} 44. cxb4 {[%clk 0:00:58.7]} Rd1+ {[%clk 0:30:04.3]} 45. Kg2 {[%clk 0:01:02.6]} Rb1 {[%clk 0:29:58.6]} 46. b5 {[%clk 0:01:06.6]} c3 {[%clk 0:30:06.7]} 47. Rc5 {[%clk 0:01:12.1]} c2 {[%clk 0:30:14.4]} 48. Rxc2 {[%clk 0:01:19.0]} Rxb5 {[%clk 0:30:21.9]} 49. Rc6 {[%clk 0:01:26.7]} Rb3 {[%clk 0:30:25.8]} 50. Re6 {[%clk 0:01:05.9]} Kf7 {[%clk 0:30:18.5]} 51. Re3 {[%clk 0:01:09.3]} Rb2 {[%clk 0:30:26.6]} 52. Kf3 {[%clk 0:01:11.9]} Kg7 {[%clk 0:30:32.6]} 53. Re2 {[%clk 0:01:09.0]} Rb4 {[%clk 0:30:37.5]} 54. Rc2 {[%clk 0:01:08.0]} Ra4 {[%clk 0:30:39.7]} 55. Re2 {[%clk 0:01:05.6]} Rb4 {[%clk 0:30:42.9]} 56. Re4 {[%clk 0:01:13.6]} Rb2 {[%clk 0:30:50.3]} 57. Re7+ {[%clk 0:01:10.3]} Kf6 {[%clk 0:30:57.0]} 58. Re8 {[%clk 0:01:18.7]} Kf7 {[%clk 0:31:03.9]} 59. Re3 {[%clk 0:01:12.4]} Kg7 {[%clk 0:31:08.1] Black offered a draw.} 60. Rc3 {[%clk 0:00:54.5]} Ra2 {[%clk 0:31:05.9]} 61. Ke3 {[%clk 0:00:48.7]} Kf6 {[%clk 0:31:01.0]} 62. f3 {[%clk 0:00:50.3]} Ra4 {[%clk 0:31:06.9]} 63. Rd3 {[%clk 0:00:53.0]} Kf5 {[%clk 0:31:05.7]} 64. Rd5+ {[%clk 0:00:52.2]} Kf6 {[%clk 0:31:11.7]} 65. Rd4 {[%clk 0:00:56.9]} Ra3+ {[%clk 0:31:14.3]} 66. Kf4 {[%clk 0:01:02.5]} Rb3 {[%clk 0:31:19.1]} 67. Rd6+ {[%clk 0:01:05.1]} Kf7 {[%clk 0:31:25.8]} 68. Rd4 {[%clk 0:00:50.4]} Kf6 {[%clk 0:31:24.9]} 69. Rc4 {[%clk 0:00:56.5]} Ra3 {[%clk 0:31:30.7]} 70. g4 {[%clk 0:00:56.5]} hxg4 {[%clk 0:31:29.3]} 71. fxg4 {[%clk 0:01:03.8]} Ra1 {[%clk 0:31:35.8]} 72. Rc6+ {[%clk 0:01:08.6]} Kg7 {[%clk 0:31:33.2]} 73. Re6 {[%clk 0:01:13.9]} Ra4+ {[%clk 0:31:20.0]} 74. Re4 {[%clk 0:01:18.5]} Ra1 {[%clk 0:31:22.3]} 75. Kg5 {[%clk 0:01:23.7]} Ra5+ {[%clk 0:31:27.3]} 76. Kf4 {[%clk 0:01:28.8]} Ra1 {[%clk 0:31:35.1]} 77. Re5 {[%clk 0:01:24.2]} Ra4+ {[%clk 0:31:27.4]} 78. Kg5 {[%clk 0:01:27.9]} Ra1 {[%clk 0:31:32.7]} 79. Rb5 {[%clk 0:01:32.0]} Ra4 {[%clk 0:31:27.5]} 80. Rb7+ {[%clk 0:01:14.9]} Kg8 {[%clk 0:30:59.0]} 81. Rc7 {[%clk 0:01:17.5]} Rb4 {[%clk 0:30:56.2]} 82. Kf6 {[%clk 0:00:30.1]} Rxg4 {[%clk 0:30:39.0]} 83. Rg7+ {[%clk 0:00:14.7]} Kf8 {[%clk 0:30:41.0]} 84. Rh7 {[%clk 0:00:18.9]} Kg8 {[%clk 0:30:45.7]} 85. Rg7+ {[%clk 0:00:25.0]} Kf8 {[%clk 0:30:54.0]} 86. Rxg6 {[%clk 0:00:20.7]} Rxg6+ {[%clk 0:30:50.5]} 87. Kxg6 {[%clk 0:00:29.1]} Kg8 {[%clk 0:30:58.7]} 88. Kh6 {[%clk 0:00:37.3]} Kh8 {[%clk 0:31:07.2]} 89. Kg6 {[%clk 0:00:45.6]} Kg8 {[%clk 0:31:15.9]} 90. h5 {[%clk 0:00:53.9]} Kh8 {[%clk 0:31:24.3]} 91. h6 {[%clk 0:01:02.9]} Kg8 {[%clk 0:31:32.8]} 92. h7+ {[%clk 0:01:11.6]} Kh8 {[%clk 0:31:41.5]} 93. Kh6 {[%clk 0:01:20.1]} {Stalemate} 1/2-1/2

[Event "Club 608 Online 1 - Open B (-1600)"]
[Date "2021.04.10"]
[Round "3.4"]
[White "Suffert, Martin"]
[Black "Wu, Clara"]
[Result "0-1"]
[BlackElo "1403"]
[WhiteElo "1226"]

1. e4 {[%clk 0:50:10.0]} c5 {[%clk 0:50:06.9]} 2. Nf3 {[%clk 0:49:59.3]} g6 {[%clk 0:50:14.4]} 3. c3 {[%clk 0:50:03.0]} Bg7 {[%clk 0:50:21.7]} 4. g3 {[%clk 0:50:11.2]} Nc6 {[%clk 0:50:26.4]} 5. Bg2 {[%clk 0:50:19.1]} d6 {[%clk 0:50:32.3]} 6. 0-0 {[%clk 0:50:23.8]} Nf6 {[%clk 0:50:39.6]} 7. Re1 {[%clk 0:50:27.7]} 0-0 {[%clk 0:50:43.2]} 8. d3 {[%clk 0:50:34.4]} Bd7 {[%clk 0:50:37.9]} 9. Bg5 {[%clk 0:50:33.2]} Qc7 {[%clk 0:50:30.4]} 10. Nbd2 {[%clk 0:50:34.9]} h6 {[%clk 0:50:15.7]} 11. Be3 {[%clk 0:50:02.3]} Be6 {[%clk 0:49:54.1]} 12. Nb3 {[%clk 0:49:38.7]} c4 {[%clk 0:49:27.9]} 13. Nbd4 {[%clk 0:48:23.0]} Bd7 {[%clk 0:48:28.2]} 14. Qd2 {[%clk 0:46:34.9]} cxd3 {[%clk 0:48:27.8]} 15. Qxd3 {[%clk 0:46:31.4]} a6 {[%clk 0:48:26.3]} 16. Nxc6 {[%clk 0:46:05.3]} Bxc6 {[%clk 0:48:30.3]} 17. Nd4 {[%clk 0:46:04.8]} Bd7 {[%clk 0:48:21.1]} 18. Qd2 {[%clk 0:45:41.3]} Kh7 {[%clk 0:47:55.0]} 19. Bf4 {[%clk 0:45:06.7]} e5 {[%clk 0:47:44.7]} 20. Bxe5 {[%clk 0:43:20.3]} dxe5 {[%clk 0:47:47.5]} 21. Nb3 {[%clk 0:43:16.9]} Rfd8 {[%clk 0:47:31.1]} 22. Qc2 {[%clk 0:43:07.4]} Bc6 {[%clk 0:47:22.8]} 23. Nd2 {[%clk 0:42:58.1]} Rd7 {[%clk 0:47:22.9]} 24. Rad1 {[%clk 0:43:01.3]} Rad8 {[%clk 0:47:28.0]} 25. Bf3 {[%clk 0:42:56.5]} h5 {[%clk 0:47:05.8]} 26. Bg2 {[%clk 0:42:32.6]} Bh6 {[%clk 0:47:05.6]} 27. Nf1 {[%clk 0:38:41.3] White offered a draw.} Rxd1 {[%clk 0:46:10.4]} 28. Rxd1 {[%clk 0:38:43.9]} Rxd1 {[%clk 0:46:16.5]} 29. Qxd1 {[%clk 0:38:47.6]} Bxe4 {[%clk 0:46:10.5]} 30. Ne3 {[%clk 0:38:46.0]} Bxg2 {[%clk 0:45:43.3]} 31. Kxg2 {[%clk 0:38:53.6]} Qb6 {[%clk 0:45:45.8]} 32. Qe2 {[%clk 0:38:27.0]} Qc6+ {[%clk 0:45:23.3]} 33. Kh3 {[%clk 0:38:13.3]} Ne4 {[%clk 0:44:36.3]} 34. g4 {[%clk 0:37:13.2]} Ng5+ {[%clk 0:43:08.1]} 35. Kh4 {[%clk 0:36:22.8]} Nf3+ {[%clk 0:43:01.7]} 36. Kg3 {[%clk 0:36:17.9]} Bf4+ {[%clk 0:42:58.1]} 37. Kg2 {[%clk 0:35:42.8]} Nd4+ {[%clk 0:43:00.2]} 38. Qf3 {[%clk 0:35:08.3] White offered a draw.} Qxf3+ {[%clk 0:43:04.6]} 39. Kg1 {[%clk 0:35:03.3]} Ne2+ {[%clk 0:43:10.4]} 40. Kf1 {[%clk 0:35:03.3]} Bxe3 {[%clk 0:43:17.1] White offered a draw.} 41. Ke1 {[%clk 0:34:49.7]} Qxf2+ {[%clk 0:43:22.2]} 42. Kd1 {[%clk 0:34:58.2]} Nf4 {[%clk 0:43:17.7]} {White Resigned} 0-1

[Event "Club 608 Online 1 - Open A (-2200)"]
[Date "2021.04.10"]
[Round "3.5"]
[White "Thevenon, Thomas"]
[Black "Samy, Laouamri"]
[Result "1-0"]
[BlackCountry "FRA"]
[BlackElo "1715"]
[BlackFideId "36044253"]
[Termination "time forfeit"]
[WhiteCountry "FRA"]
[WhiteElo "1632"]
[WhiteFideId "551008645"]

{Clock started by White.} 1. e4 {[%clk 0:50:07.9]} e5 {[%clk 0:47:27.2]} 2. Nf3 {[%clk 0:50:15.3]} Nc6 {[%clk 0:47:34.2]} 3. d4 {[%clk 0:50:23.1]} exd4 {[%clk 0:47:36.7]} 4. Bc4 {[%clk 0:50:30.7]} Nf6 {[%clk 0:46:54.1]} 5. 0-0 {[%clk 0:50:37.6]} Nxe4 {[%clk 0:47:01.1]} 6. Re1 {[%clk 0:50:45.5]} d5 {[%clk 0:47:08.9]} 7. Bxd5 {[%clk 0:50:52.5]} Qxd5 {[%clk 0:47:15.2]} 8. Nc3 {[%clk 0:51:01.4]} Qa5 {[%clk 0:47:04.8]} 9. Nxe4 {[%clk 0:50:39.6]} Be6 {[%clk 0:47:09.7]} 10. Neg5 {[%clk 0:50:45.9]} Be7 {[%clk 0:45:58.0]} 11. Nxe6 {[%clk 0:50:38.3]} fxe6 {[%clk 0:46:05.9]} 12. Rxe6 {[%clk 0:50:41.6]} 0-0-0 {[%clk 0:46:13.5]} 13. Ne5 {[%clk 0:50:25.6]} Nxe5 {[%clk 0:36:01.5]} 14. Rxe7 {[%clk 0:49:53.0]} d3 {[%clk 0:31:33.5]} 15. Bf4 {[%clk 0:44:43.9]} Qb4 {[%clk 0:23:47.0]} 16. Bg5 {[%clk 0:38:15.9]} Rhe8 {[%clk 0:10:32.3]} 17. Rxe8 {[%clk 0:36:30.1]} Rxe8 {[%clk 0:10:39.0]} 18. cxd3 {[%clk 0:35:37.0]} Qxb2 {[%clk 0:07:48.6]} 19. d4 {[%clk 0:34:26.2]} Nd3 {[%clk 0:05:02.8]} 20. Be3 {[%clk 0:33:34.3]} Rxe3 {[%clk 0:00:59.8]} 21. fxe3 {[%clk 0:32:27.3]} Qf2+ {[%clk 0:01:07.5]} 22. Kh1 {[%clk 0:32:24.6]} Qxe3 {[%clk 0:01:15.9]} 23. Qg4+ {[%clk 0:29:06.7]} Kd8 {[%clk 0:00:34.2]} 24. Qf3 {[%clk 0:29:10.2]} Nf2+ {[%clk 0:00:37.8]} 25. Kg1 {[%clk 0:29:04.3]} Nh3+ {[%clk 0:00:44.6]} 26. Kh1 {[%clk 0:28:58.8]} Nf2+ {[%clk 0:00:51.5]} 27. Kg1 {[%clk 0:29:06.6]} Nh3+ {[%clk 0:00:57.8]} 28. Kf1 {[%clk 0:28:19.2]} Qg1+ {[%clk 0:01:04.7]} 29. Ke2 {[%clk 0:28:19.4]} Qxa1 {[%clk 0:01:11.5]} 30. Qf8+ {[%clk 0:28:20.6]} Kd7 {[%clk 0:01:14.0]} 31. Qxg7+ {[%clk 0:28:03.8]} Kd6 {[%clk 0:00:52.6]} 32. Qf6+ {[%clk 0:27:23.7]} Kd7 {[%clk 0:00:41.4]} 33. Qf5+ {[%clk 0:27:15.6]} Ke7 {[%clk 0:00:17.2]} 34. Qxh7+ {[%clk 0:26:59.7]} Kf6 {[%clk 0:00:25.0]} 35. Qh6+ {[%clk 0:26:46.8]} Kf5 {[%clk 0:00:28.3]} 36. Qxh3+ {[%clk 0:26:41.0]} Kg6 {[%clk 0:00:31.2]} 37. Qg3+ {[%clk 0:25:20.2]} Kf6 {[%clk 0:00:26.2]} 38. Qf4+ {[%clk 0:24:57.7]} Kg6 {[%clk 0:00:34.5]} 39. Qd2 {[%clk 0:24:08.1]} Qh1 {[%clk 0:00:11.9]} 40. Qd3+ {[%clk 0:23:46.4]} Kf6 {[%clk 0:00:16.3]} 41. Qg3 {[%clk 0:23:30.1]} Qb1 {[%clk 0:00:18.4]} 42. Qf4+ {[%clk 0:23:02.6]} Kg6 {[%clk 0:00:18.2]} 43. Qg4+ {[%clk 0:22:56.0]} Kf6 {[%clk 0:00:18.6]} 44. Qh4+ {[%clk 0:22:48.0]} Ke6 {[%clk 0:00:21.9]} 45. Qh3+ {[%clk 0:22:22.4]} Kd5 {[%clk 0:00:17.6]} 46. Qd7+ {[%clk 0:22:17.1]} Kc4 {[%clk 0:00:18.7]} 47. Qxc7+ {[%clk 0:22:18.1]} Kxd4 {[%clk 0:00:26.7]} 48. Qd6+ {[%clk 0:22:00.9]} Kc4 {[%clk 0:00:21.7]} 49. Qe6+ {[%clk 0:21:57.2]} Kc5 {[%clk 0:00:22.5]} 50. Qb3 {[%clk 0:20:46.5]} {Black Loss on Time} 1-0

[Event "Club 608 Online 1 - Open C (-1200)"]
[Date "2021.04.10"]
[Round "3.6"]
[White "Descombes, Maëlle"]
[Black "Liu, Oscar"]
[Result "1-0"]
[BlackElo "1009"]
[WhiteElo "1099"]

{Clock started by White.} 1. e4 {[%clk 0:50:07.1]} e5 {[%clk 0:50:08.1]} 2. Nf3 {[%clk 0:50:03.6]} Nc6 {[%clk 0:50:15.6]} 3. d4 {[%clk 0:49:57.5]} Bd6 {[%clk 0:50:11.0]} 4. Nc3 {[%clk 0:49:28.2]} Nf6 {[%clk 0:50:17.3]} 5. Bg5 {[%clk 0:49:21.5]} h6 {[%clk 0:50:22.5]} 6. Bh4 {[%clk 0:49:23.6]} 0-0 {[%clk 0:50:22.0]} 7. Bc4 {[%clk 0:48:52.8]} Bb4 {[%clk 0:50:24.7]} 8. dxe5 {[%clk 0:48:16.6]} Nxe5 {[%clk 0:50:10.9]} 9. Nxe5 {[%clk 0:47:37.6]} d6 {[%clk 0:49:28.4]} 10. Nd3 {[%clk 0:47:12.2]} Nxe4 {[%clk 0:48:29.9]} 11. Bxd8 {[%clk 0:47:05.6]} Re8 {[%clk 0:48:23.5]} 12. 0-0 {[%clk 0:47:02.3]} Bxc3 {[%clk 0:48:26.2]} 13. bxc3 {[%clk 0:46:52.3]} Nxc3 {[%clk 0:48:30.7]} 14. Qd2 {[%clk 0:46:28.3]} Ne4 {[%clk 0:48:34.2]} 15. Qe3 {[%clk 0:44:44.0]} Bf5 {[%clk 0:48:18.3]} 16. Bd5 {[%clk 0:43:39.6]} Raxd8 {[%clk 0:47:52.0]} 17. f3 {[%clk 0:41:44.6]} Ng3 {[%clk 0:47:37.1]} 18. Qxa7 {[%clk 0:41:10.6]} Nxf1 {[%clk 0:47:35.8]} 19. Rxf1 {[%clk 0:40:43.4]} Re7 {[%clk 0:47:20.4]} 20. Nf4 {[%clk 0:40:25.4]} Rde8 {[%clk 0:46:37.2]} 21. Qa5 {[%clk 0:40:01.7]} Bxc2 {[%clk 0:43:37.5]} 22. Qc3 {[%clk 0:39:27.1]} Bf5 {[%clk 0:41:33.9]} 23. Nh5 {[%clk 0:39:26.6]} Re5 {[%clk 0:40:16.0]} 24. f4 {[%clk 0:38:47.0]} Bg6 {[%clk 0:40:06.1]} 25. Qxc7 {[%clk 0:38:35.8]} R5e7 {[%clk 0:40:01.3]} 26. Qxd6 {[%clk 0:38:22.0]} Bxh5 {[%clk 0:40:05.0]} 27. h3 {[%clk 0:38:17.9]} Kh7 {[%clk 0:39:57.8]} 28. Qc5 {[%clk 0:37:40.9]} Re5 {[%clk 0:38:44.6]} 29. fxe5 {[%clk 0:37:14.6]} Rxe5 {[%clk 0:38:50.4]} 30. g4 {[%clk 0:37:09.9]} Bg6 {[%clk 0:38:54.1]} 31. Qd6 {[%clk 0:37:02.4]} Rg5 {[%clk 0:38:50.3]} 32. a4 {[%clk 0:36:52.2]} Bd3 {[%clk 0:38:48.4]} 33. Rxf7 {[%clk 0:36:50.8]} Rg6 {[%clk 0:37:57.0]} 34. Be4 {[%clk 0:36:32.5]} Bxe4 {[%clk 0:38:00.7]} 35. Qe5 {[%clk 0:36:33.6]} Bc6 {[%clk 0:37:50.4]} 36. Qf5 {[%clk 0:36:18.1]} Bxa4 {[%clk 0:37:14.8]} 37. h4 {[%clk 0:36:22.9]} Bc2 {[%clk 0:37:07.5]} 38. Qxc2 {[%clk 0:36:21.5]} h5 {[%clk 0:37:14.5]} 39. Qf5 {[%clk 0:36:13.8]} b6 {[%clk 0:37:08.6]} 40. Qxh5+ {[%clk 0:36:16.5]} Rh6 {[%clk 0:37:13.4]} 41. Qf5+ {[%clk 0:36:20.8]} Rg6 {[%clk 0:37:20.8]} 42. h5 {[%clk 0:36:28.4]} b5 {[%clk 0:37:16.8]} 43. Qxg6+ {[%clk 0:36:35.6]} Kg8 {[%clk 0:37:23.6]} 44. Qxg7# {[%clk 0:36:41.8]} 1-0

[Event "Club 608 Online 1 - Open B (-1600)"]
[Date "2021.04.10"]
[Round "3.6"]
[White "Lamorelle, Alexey"]
[Black "Remtoula, Naushad"]
[Result "1-0"]
[BlackElo "1126"]
[WhiteCountry "FRA"]
[WhiteElo "1305"]
[WhiteFideId "651009838"]

{Clock started by Black.} 1. e4 {[%clk 0:50:03.1]} Nc6 {[%clk 0:49:54.6]} 2. Nf3 {[%clk 0:49:49.6]} d5 {[%clk 0:49:50.7]} 3. exd5 {[%clk 0:49:48.7]} Qxd5 {[%clk 0:49:56.2]} 4. Nc3 {[%clk 0:49:50.2]} Qa5 {[%clk 0:50:02.3]} 5. d4 {[%clk 0:49:40.0]} Bg4 {[%clk 0:49:54.7]} 6. Bb5 {[%clk 0:48:02.9]} 0-0-0 {[%clk 0:49:33.9]} 7. Bxc6 {[%clk 0:47:37.0]} bxc6 {[%clk 0:49:32.9]} 8. 0-0 {[%clk 0:47:23.0]} Nf6 {[%clk 0:44:27.9]} 9. Bf4 {[%clk 0:44:45.2]} e6 {[%clk 0:35:40.1]} 10. Qd3 {[%clk 0:41:53.6]} Bxf3 {[%clk 0:34:10.5]} 11. Qxf3 {[%clk 0:41:43.2]} Rxd4 {[%clk 0:32:06.7]} 12. Qxc6 {[%clk 0:38:19.5]} Qb6 {[%clk 0:29:59.0]} 13. Qf3 {[%clk 0:32:36.7]} Bd6 {[%clk 0:24:57.9]} 14. Be3 {[%clk 0:30:08.3]} Bxh2+ {[%clk 0:24:17.5]} 15. Kxh2 {[%clk 0:27:31.9]} Qd6+ {[%clk 0:20:02.6]} 16. Kg1 {[%clk 0:27:02.9]} Rh4 {[%clk 0:19:28.1]} 17. g3 {[%clk 0:26:01.4]} Rh5 {[%clk 0:14:30.4]} 18. Qa8+ {[%clk 0:24:56.0]} Kd7 {[%clk 0:14:27.9]} 19. Qxh8 {[%clk 0:24:50.5]} Ng4 {[%clk 0:11:56.7]} 20. Rad1 {[%clk 0:23:21.1]} {Black Resigned} 1-0

[Event "Club 608 Online 1 - Open C (-1200)"]
[Date "2021.04.10"]
[Round "3.7"]
[White "Migus, Benjamin"]
[Black "Krebs, Ronan"]
[Result "0-1"]
[BlackElo "1099"]
[WhiteElo "1009"]

1. e4 {[%clk 0:50:10.0]} e5 {[%clk 0:50:07.8]} 2. Nf3 {[%clk 0:50:16.4]} Nc6 {[%clk 0:50:13.8]} 3. Be2 {[%clk 0:50:11.0]} Bc5 {[%clk 0:50:18.2]} 4. 0-0 {[%clk 0:50:14.5]} Nf6 {[%clk 0:50:24.2]} 5. Nc3 {[%clk 0:50:10.0]} 0-0 {[%clk 0:50:30.0]} 6. b3 {[%clk 0:50:03.4]} d6 {[%clk 0:50:35.1]} 7. Bb2 {[%clk 0:50:07.5]} Bg4 {[%clk 0:50:36.5]} 8. Nd5 {[%clk 0:49:53.0]} Bxf3 {[%clk 0:50:35.5]} 9. Nxf6+ {[%clk 0:49:55.6]} Qxf6 {[%clk 0:50:32.6]} 10. Bxf3 {[%clk 0:50:00.3]} Nd4 {[%clk 0:50:31.7]} 11. Bxd4 {[%clk 0:50:00.4]} Bxd4 {[%clk 0:50:33.5]} 12. Rb1 {[%clk 0:49:55.0]} Qh6 {[%clk 0:50:25.6]} 13. c3 {[%clk 0:49:45.9]} Bb6 {[%clk 0:50:31.1]} 14. d4 {[%clk 0:48:48.4]} exd4 {[%clk 0:50:33.2]} 15. cxd4 {[%clk 0:48:52.5]} c5 {[%clk 0:50:40.1]} 16. dxc5 {[%clk 0:48:53.2]} dxc5 {[%clk 0:50:46.1]} 17. b4 {[%clk 0:47:58.9]} Bc7 {[%clk 0:50:51.2]} 18. g3 {[%clk 0:47:56.7]} b6 {[%clk 0:50:54.5]} 19. bxc5 {[%clk 0:47:58.4]} bxc5 {[%clk 0:51:00.8]} 20. Rb7 {[%clk 0:47:42.9]} Rad8 {[%clk 0:50:59.2]} 21. Qe2 {[%clk 0:47:36.7]} Bb8 {[%clk 0:51:02.7]} 22. Qb5 {[%clk 0:47:27.1]} Qd6 {[%clk 0:50:27.1]} 23. a4 {[%clk 0:47:02.7]} g6 {[%clk 0:50:23.4]} 24. a5 {[%clk 0:46:53.6]} h5 {[%clk 0:50:23.2]} 25. a6 {[%clk 0:46:41.7]} h4 {[%clk 0:50:27.2]} 26. Qa5 {[%clk 0:46:09.9]} hxg3 {[%clk 0:50:14.1]} 27. fxg3 {[%clk 0:46:14.5]} f5 {[%clk 0:50:00.5]} 28. exf5 {[%clk 0:46:08.5]} gxf5 {[%clk 0:49:50.2]} 29. Rbb1 {[%clk 0:45:44.4]} f4 {[%clk 0:49:48.8]} 30. Qa2+ {[%clk 0:45:20.1]} Kh8 {[%clk 0:49:47.0]} 31. Kf2 {[%clk 0:44:38.9]} fxg3+ {[%clk 0:49:45.3]} 32. hxg3 {[%clk 0:44:43.6]} Qxg3+ {[%clk 0:49:07.4]} 33. Ke2 {[%clk 0:44:43.4]} Rfe8+ {[%clk 0:49:15.3]} 34. Be4 {[%clk 0:44:13.9]} Rxe4# {[%clk 0:49:21.0]} 0-1